Obálka Náhled e-knihy:
PDF Epub
Pro půjčování e-knih musíte být přihlášeni.
Jak si půjčit online?

Nocturno pro Erika /

Romantický příběh o dvou nevlastních bratrech z prostředí zasněžených hor, které jeden z nich miluje a ten druhý... si bude muset zvyknout...

Uloženo v:
Hlavní autor: Pospíšilová, Eva (Autor)
Další autoři: Pospíšilová, Klára, 1990- (Autor)
Médium: E-kniha
Jazyk:Czech
Vydáno: Brno : Host, 2024
Vydání:První vydání
Témata:
Tagy:
Žádné tagy
LEADER 02971nam a2200517 i 4500
001 301564
003 CZ PrSKC
005 20260501063150.0
007 ta
008 241003s2024 xr d 000 f cze
015 |a cnb003634673 
020 |a 9788027522170  |q (brožováno) 
035 |a (OCoLC)1477944518 
040 |a ABG001  |b cze  |e rda 
072 7 |a 821.162.3-3  |x Česká próza  |2 Konspekt 
072 7 |a 821-93  |x Literatura pro děti a mládež (beletrie)  |2 Konspekt 
080 |a 821.162.3-31  |2 MRF 
080 |a 821-9-055.3/.4  |2 MRF 
080 |a 821-93-053.67  |2 MRF 
080 |a 821-93  |2 MRF 
080 |a (0:82-312.5)  |2 MRF 
100 1 |a Pospíšilová, Eva  |7 mzk2016898135  |4 aut 
245 1 0 |a Nocturno pro Erika /  |c Eva Pospíšilová, Klára Pospíšilová 
250 |a První vydání 
264 1 |a Brno :  |b Host,  |c 2024 
300 |a 620 stran ;  |c 21 cm 
336 |a text  |b txt  |2 rdacontent 
337 |a bez média  |b n  |2 rdamedia 
338 |a svazek  |b nc  |2 rdacarrier 
520 2 |a Romantický příběh o dvou nevlastních bratrech z prostředí zasněžených hor, které jeden z nich miluje a ten druhý... si bude muset zvyknout...  |b Erik je jedním z nejlepších snowboardistů světa. Ale taky tajnůstkářský kluk, který má rád ticho a pletené svetry. Když se jeho táta rozhodne sestěhovat se svou novou ženou, Erika ani nenapadne, že by se pro něj mohlo něco změnit. Jenže pak mu do života vtrhne nevlastní bratr, který je nejspíš jeho úplným opakem! Kasper dává přednost ruchu města a ticho ho děsí. Snad i právě proto si tolik zamiloval hudbu. Pokud zrovna nehraje na klavír, věčně něco poslouchá. Oproti Erikovi je to uragán, který si barví vlasy, mluví prakticky o čemkoli a především dost hlasitě vyjadřuje emoce. Dva kluci ve velkém domě uprostřed ničeho. Dva rozdílné světy. Co když jeden ve druhém najdou mnohem víc, než by čekali...? Nakladatelská anotace. 
655 7 |a české romány  |7 fd133974  |2 czenas 
655 7 |a milostné romány  |7 fd132840  |2 czenas 
655 7 |a queer literatura  |7 fd1230250  |2 czenas 
655 7 |a literatura young adult  |7 fd1185572  |2 czenas 
655 7 |a publikace pro mládež  |7 fd133157  |2 czenas 
655 9 |a Czech fiction  |2 eczenas 
655 9 |a love novels  |2 eczenas 
655 9 |a queer literature  |2 eczenas 
655 9 |a young adult literature  |2 eczenas 
655 9 |a juvenile literature  |2 eczenas 
700 1 |a Pospíšilová, Klára,  |d 1990-  |7 xx0256026  |4 aut 
900 |a ABA001  |b 19 
044 |a xr 
910 |a RBIT002 
998 |d 414244  |a https://core.palmknihy.cz/api/books/414244/cover?sjzy56  |b https://core.palmknihy.cz/api/books/414244/cover/400?sjzy56  |c https://core.palmknihy.cz/api/books/414244/cover/50?sjzy56  |e 2031-12-31  |g 623  |i 9788027522170  |j https://core.palmknihy.cz/api/books/414244/preview.epub  |k https://core.palmknihy.cz/api/books/414244/preview.pdf  |l   |q 49  |r 1  |s https://www.palmknihy.cz/kniha/414244  |t ebook  |y 2024  |z 0 
999 |d 301562